00498 a2200169 450000100060000002000180000604000220002410000350004624000370008124500320011830000080015036200090015865000260016794200070019395201110020099900170031158326 a9788526012974 cAnchieta - Pituba aBrandão, Ignácio de Loyola10aNão verás país nenhumlpor10aNão verás país nenhum a3810 a2008 4aFicção brasileira cBK 00104070a91.1b91.1d2023-11-21l0o869.93 B817n BRA NAOp8811/PITr2023-11-21 18:26:06w2023-11-21yBK c58326d58326